000 00790nam a2200181Ia 4500
008 090630s9999 xx 000 0 und d
082 _b23774
100 _aफॉलेट केन अनु. लेले ज्योत्सना.
245 _aऑन द विग्ज ऑफ ईगल्स.
_cफॉलेट केन अनु. लेले ज्योत्सना.
260 _bमेहता.
300 _a0
600 _aफॉलेट केन अनु. लेले ज्योत्सना.
630 _aऑन द विग्ज ऑफ ईगल्स.
655 _a---
700 _aफॉलेट केन अनु. लेले ज्योत्सना.
730 _aऑन द विग्ज ऑफ ईगल्स.
942 _cBOOK
999 _c275630
_d275630